00321nam a2200109Ia 4500008004100000020001800041082001400059100001900073245007000092260003300162300001600195230413s9999||||xx |||||||||||||| ||und|| a9781781251478 a658bM212 aMagretta, Joan 0aWhat management is: how it works and why it's everyone's business aLondonbProfile Books c2013 axii, 244 p.